عرض عادي عرض مارك
  • Meng, Xiaofeng

مدخل إسم شخص

عدد التسجيلات المستخدمة في: 1

001 - رقم الضبط

  • حقل الضبط: 3519

003 - معرف رقم الضبط

  • حقل الضبط: OSt

005 - تاريخ ووقت أخر عملية

  • حقل الضبط: 20110828142359.0

008 - عناصر بيانات ثابتة الطول

  • حقل تحكم ثابت الطول: 110828|||a|||||| | ||| d

040 ## - مصدر الفهرسة

  • هيئة الفهرسة الأصلية: OSt
  • وكالة الكتابة: OSt

100 ## - مدخل -- أسم شخص

  • إسم شخص: Meng, Xiaofeng
  • مصطلح الرابط: Author

670 ## - بيانات المصدر موجوده

  • الاستشهاد بالمصدر: Work cat.: (OSt)0: Meng, Xiaofeng Author, Moving Objects Management /, Nov. 2010